Central Library, Doon University
WEBOPAC (ONLINE PUBLIC ACCESS CATALOGUE)

Global Tectonics (Record no. 60710)

MARC details
000 -LEADER
fixed length control field 00561nam a22002177a 4500
005 - DATE & TIME
control field 20260423153254.0
008 - FIXED-LENGTH DATA ELEMENTS--GENERAL INFORMATION
fixed length control field 260423b |||||||| |||| 00| 0 eng d
020 ## - ISBN
International Standard Book Number 9781405107778
Price 11801.21
040 ## - CATALOGING SOURCE
Original cataloging agency Doon University
041 ## - Language
Language English
082 ## - DDC NUMBER
Classification number 551.136
Book Number KEA
100 ## - MAIN ENTRY--PERSONAL NAME
Personal name Kearey, Philip
245 ## - TITLE STATEMENT
Title Global Tectonics
250 ## - EDITION STATEMENT
Edition statement 3rd
260 ## - PUBLICATION, DISTRIBUTION, ETC. (IMPRINT)
Place of publication, distribution, etc United Kingdom
Name of publisher, distributor, etc Wiley Blackwell
Date of publication, distribution, etc 2009
300 ## - PHYSICAL DESCRIPTION
Pages 482
650 ## - Subject
Subject Geology (PM USHA)
700 ## - Added Entry Personal Name
Added Entry Personal Name Klepeis, Keith A.
700 ## - Added Entry Personal Name
Added Entry Personal Name Vine, Frederick J.
942 ## - ADDED ENTRY ELEMENTS (KOHA)
Koha item type Books
100 ## - MAIN ENTRY--PERSONAL NAME
-- 5742
650 ## - Subject
-- 26712
700 ## - Added Entry Personal Name
-- 26714
700 ## - Added Entry Personal Name
-- 26715
952 ## - LOCATION AND ITEM INFORMATION (KOHA)
-- 2026-04-23
952 ## - LOCATION AND ITEM INFORMATION (KOHA)
-- 2026-04-23
Holdings
Withdrawn status Lost status Source of classification or shelving scheme Damaged status Not for loan Location (home branch) Sublocation or collection (holding branch) Date acquired Koha issues (times borrowed) Koha full call number Accession No. Koha date last seen Koha item type
          Doon University Doon University 23.04.2026   551.136 KEA 32937 23.04.2026 Books
          Doon University Doon University 23.04.2026   551.136 KEA 32938 23.04.2026 Books
Contact : +91-135-2533126 (Library),+91-135-2533105 (Admin Office) , Email : doonlibrary@gmail.com

Powered by Koha